01137 2200205 4500001002100000005001500021035002000036008004100056245004200097100002100139250000600160260003800166300001200204084001400216082000800230650001000238520065900248990001200907990001200919INLIS00000000000132520240520104727 a0010-0524000560240520 1 ind 1 aKarier Ato Cinta ? /cJosua Riwu Kaho aRiwu Kaho, Josua a1 aYogyakarta :bSheila/ Andi,c2011 a170 hlm a813 JOS k a813 4aFiksi aJanice tadinya bukan cewek top di sekolah. Dia cuma siswi biasa yang berharap suatu hari nanti bisa mendapatkan hal-hal seru di bawah ini: Jadi pusat perhatian. Dikejar banyak cowok-cowok keren di sekolah. Jadi murid kebanggan guru. Jadi sobat yang membanggakan Jadi anak andalan di rumah. Jadi ikon remaja berprestasi Bisa nggak ya semua itu jadi kenyataan? Ternyata bisa! Janice tiba-tiba jadi top news di sekolah. Sebabnya ia berhasil jadi penulis novel yang laris manis. Daniel, cowok paling top di sekolah pun berhasil didapatnya. Impian Janice jadi kenyataan. Bahagiakah Janice? Dan, apakah kesuksesan itu akan terus jadi milik Janice? a0741492 a0741493